Vánoční kdože, cože?! /
Vánoce jsou tady – jenom ne tak veselé, jak by si všichni přáli. Mei svátky bojkotuje od smrti svého táty, a teď se navíc musí vyrovnat s ultravánoční nevlastní sestrou Harper. Ava jako obvykle trpí v kruhu rodinném a stýská se jí po Chrisovi za mořem, Charlee s Noahem se zatím skoro neviděli a Trav...
Uloženo v:
| Hlavní autor: | |
|---|---|
| Médium: | E-kniha |
| Jazyk: | Czech |
| Vydáno: |
Praha :
Albatros Media a.s.,
2023
|
| Tagy: |
Žádné tagy |
| LEADER | 01448nam a22002297i 4500 | ||
|---|---|---|---|
| 001 | 312094 | ||
| 007 | ta | ||
| 008 | 260601s2023 xr ||||| |||| 00| 0 cze d | ||
| 020 | |a 9788076618701 | ||
| 044 | |a xr | ||
| 100 | 1 | |a Nofreeusernames, |4 aut | |
| 245 | 1 | 0 | |a Vánoční kdože, cože?! / |c Nofreeusernames, |
| 264 | 1 | |a Praha : |b Albatros Media a.s., |c 2023 | |
| 300 | |a 1 online zdroj (170 stran) | ||
| 336 | |a text |b txt |2 rdacontent | ||
| 337 | |a bez média |b n |2 rdamedia | ||
| 338 | |a online zdroj |b cr |2 rdacarrier | ||
| 520 | 2 | |a Vánoce jsou tady – jenom ne tak veselé, jak by si všichni přáli. Mei svátky bojkotuje od smrti svého táty, a teď se navíc musí vyrovnat s ultravánoční nevlastní sestrou Harper. Ava jako obvykle trpí v kruhu rodinném a stýská se jí po Chrisovi za mořem, Charlee s Noahem se zatím skoro neviděli a Travis se Harper pořád ještě nevyznal. A pak se naskytne šance vyrazit společně na chatu. Přijde na druhý pokus ten pravý vánoční zázrak? | |
| 910 | |a RBIT002 | ||
| 998 | |d 387062 |a https://core.palmknihy.cz/api/books/387062/cover?si66ht |b https://core.palmknihy.cz/api/books/387062/cover/400?si66ht |c https://core.palmknihy.cz/api/books/387062/cover/50?si66ht |e 2035-12-31 |g 170 |i 9788076618701 |j https://core.palmknihy.cz/api/books/387062/preview.epub |k https://core.palmknihy.cz/api/books/387062/preview.pdf |l |q 49 |r 1 |s https://www.palmknihy.cz/kniha/387062 |t ebook |y 2023 |z 1 | ||
| 999 | |d 312092 | ||